000 00222 a2200097 4500
001 4117
100 _aDazoo,J.J
245 _aFeedback control system analysis & syntheis
260 _a
_bMcgrawhill
_c
090 _c3334
_d3334
942 _aNUST-CAE
_cM
_c25936
999 _c239190
_d239190